000 00664cam a22002293a 4500
001 31633
003 PGUSA
005 20140828083702.0
008 100313s2010||||xxu|||||s|||||000 | eng d
040 _aPGUSA
_beng
042 _adc
050 4 _aZ
100 1 _aLebert, Marie
245 1 0 _aEl Proyecto Gutenberg (1971-2009)
_h[electronic resource] /
_cMarie Lebert
260 _bProject Gutenberg,
_c2010
506 _aCopyrighted. Read the copyright notice inside this book for details.
516 _aElectronic text
653 _aProject Gutenberg
830 0 _aProject Gutenberg
_v31633
856 4 0 _uhttp://www.gutenberg.org/ebooks/31633
942 _cEB
999 _c260888
_d260888